Statistics for Saturday Night Live Hosts of the 21st Century!

Click here to take the quiz!

General Stats

  • This quiz has been taken 639 times
    (147 since last reset)
  • The average score is 118 of 272

Answer Stats

#Famous For...Host% Correct
33"30 Rock"Tina Fey
82%
35"30 Rock"Tina Fey
82%
36"30 Rock"Tina Fey
82%
31"The Office"Steve Carell
81%
33"The Office"Steve Carell
81%
31"30 Rock"Alec Baldwin
76%
32"30 Rock"Alec Baldwin
76%
26"30 Rock"Alec Baldwin
76%
32"SexyBack"Justin Timberlake
76%
34"30 Rock"Alec Baldwin
76%
34"SexyBack"Justin Timberlake
76%
25"Ray"Jamie Foxx
76%
35"30 Rock"Alec Baldwin
76%
29"30 Rock"Alec Baldwin
76%
38"SexyBack"Justin Timberlake
76%
38"Ray"Jamie Foxx
76%
27"30 Rock"Alec Baldwin
76%
36"SexyBack"Justin Timberlake
76%
29"SexyBack"Justin Timberlake
76%
37"30 Rock"Alec Baldwin
76%
31"Mean Girls"Lindsay Lohan
75%
37"Mean Girls"Lindsay Lohan
75%
29"Mean Girls"Lindsay Lohan
75%
35"Transformers"Megan Fox
75%
30"Mean Girls"Lindsay Lohan
75%
27"...Baby One More Time"Britney Spears
74%
32"The Wedding Singer"Drew Barrymore
74%
27"The Wedding Singer"Drew Barrymore
74%
32"Lost"Matthew Fox
74%
25"...Baby One More Time"Britney Spears
74%
35"The Wedding Singer"Drew Barrymore
74%
29"The Wedding Singer"Drew Barrymore
74%
34"The Princess Diaries"Anne Hathaway
72%
26"Jenny From the Block"Jennifer Lopez
72%
35"Jenny From the Block"Jennifer Lopez
72%
36"The Princess Diaries"Anne Hathaway
72%
38"The Princess Diaries"Anne Hathaway
72%
34"The Scorpion King"Dwayne Johnson
71%
25"The Scorpion King"The Rock
71%
27"The Scorpion King"Dwayne Johnson
71%
38"Pearl Harbor"Ben Affleck
69%
26"Two And a Half Men"Charlie Sheen
69%
26"Wayne's World"Dana Carvey
68%
37"Anchorman"Will Ferrell
68%
34"Anchorman"Will Ferrell
68%
37"Easy A"Emma Stone
68%
36"Crocodile Rock"Elton John
68%
36"Hannah Montana"Miley Cyrus
68%
36"Wayne's World"Dana Carvey
68%
30"Anchorman"Will Ferrell
68%
27"Legally Blonde"Reese Witherspoon
68%
36"Easy A"Emma Stone
68%
25"Pearl Harbor"Ben Affleck
66%
30"Pearl Harbor"Ben Affleck
66%
34"Cheaper By the Dozen"Steve Martin
66%
33"Superbad"Jonah Hill
66%
29"School of Rock"Jack Black
66%
29"Friends"Jennifer Aniston
66%
27"School of Rock"Jack Black
66%
31"Cheaper By the Dozen"Steve Martin
66%
31"School of Rock"Jack Black
66%
29"Pearl Harbor"Ben Affleck
66%
37"Superbad"Jonah Hill
66%
34"Pearl Harbor"Ben Affleck
66%
30"Dude, Where's My Car?"Ashton Kutcher
65%
33"Dude, Where's My Car?"Ashton Kutcher
65%
28"Dude, Where's My Car?"Ashton Kutcher
65%
30"Cold Mountain"Jude Law
65%
35"Cold Mountain"Jude Law
65%
35"Dude, Where's My Car?"Ashton Kutcher
65%
31"Sleepless in Seattle"Tom Hanks
63%
28"Good Will Hunting"Matt Damon
63%
36"Mad Men"Jon Hamm
63%
34"Mad Men"Jon Hamm
63%
35"Mad Men"Jon Hamm
63%
28"The Godfather Part II"Robert De Niro
62%
36"The Godfather Part II"Robert De Niro
62%
34"He's Just Not that Into You"Bradley Cooper
62%
30"The Godfather Part II"Robert De Niro
62%
30"Titanic"Kate Winslet
62%
27"The Daily Show"Jon Stewart
60%
33American Basketball PlayerLeBron James
59%
27"Shakespeare In Love"Gwyneth Paltrow
59%
31"Black Swan"Natalie Portman
59%
38"The Hunger Games"Jennifer Lawrence
59%
36"Shakespeare in Love"Gwyneth Paltrow
59%
37"I Kissed A Girl"Katy Perry
59%
29"The King's Speech"Colin Firth
59%
34"How I Met Your Mother"Neil Patrick Harris
59%
32"The Office"Rainn Wilson
57%
33"Juno"Ellen Page
57%
29"The Apprentice"Donald Trump
57%
36"Parks and Recreation"Amy Poehler
56%
26"Charlie's Angels"Lucy Liu
56%
36"Dumb and Dumber"Jim Carrey
56%
37"Zoolander"Ben Stiller
56%
25"Spider-Man"Tobey Maguire
56%
27"My Best Friends Wedding"Cameron Diaz
54%
38"Bridesmaids"Kristen Wiig
54%
30"Legally Blonde"Luke Wilson
54%
30"My Best Friends Wedding"Cameron Diaz
54%
37"Harry Potter and the Sorcerer's Stone"Daniel Radcliffe
53%
33"Knocked Up"Seth Rogen
51%
34"Knocked Up"Seth Rogen
51%
33"NBC Nightly News"Brian Williams
51%
30"Million Dollar Baby"Hilary Swank
50%
26"Conan"Conan O'Brien
50%
31"Superman Returns"Kevin Spacey
50%
33"Enchanted"Amy Adams
50%
35"Mad Men"January Jones
50%
37"Magic Mike"Channing Tatum
49%
38"Casino Royale"Daniel Craig
49%
36"True Grit"Jeff Bridges
49%
35"Pineapple Express"James Franco
47%
26"Monster"Charlize Theron
47%
34"High School Musical"Zac Efron
47%
29"Monsters Ball"Halle Berry
47%
34"Pineapple Express"James Franco
47%
35"The Golden Girls'Betty White
47%
27"Ellen"Ellen DeGeneres
47%
27"Monsters, Inc."John Goodman
47%
25"Monsters, Inc."John Goodman
47%
25"Rush Hour"Jackie Chan
46%
37"Bridesmaids"Maya Rudolph
46%
38"Bridesmaids"Melissa McCarthy
46%
31"Chicago"Catherine Zeta-Jones
44%
28"Buffy the Vampire Slayer"Sarah Michelle Gellar
44%
29"Lord of the Rings"Elijah Wood
44%
35"The Proposal"Ryan Reynolds
44%
26"Chicago"Renee Zellweger
44%
31"Seinfeld"Julia Louis-Dreyfus
44%
32"Scrubs"Zach Braff
43%
32American Football PlayerPeyton Manning
43%
26"Almost Famous"Kate Hudson
43%
37American Football PlayerEli Manning
43%
37"New Girl"Zooey Deschanel
41%
32"Girl With a Pearl Earring"Scarlett Johansson
41%
37"Bridesmaids"Melissa McCarthy
41%
31"Girl With a Pearl Earring"Scarlett Johansson
41%
28"Everybody Loves Raymond"Ray Romano
41%
36"Girl With a Pearl Earring"Scarlett Johansson
41%
32"Seinfeld"Julia Louis-Dreyfus
40%
37"(I Can't Get No) Satisfaction"Mick Jagger
40%
29"Gin & Juice"Snoop Dogg
40%
28"Uptown Girls"Brittany Murphy
38%
27"X-Men"Hugh Jackman
38%
28"The Pianist"Adrien Brody
38%
29"Live! With Regis and Kelly"Kelly Ripa
38%
34American Olympic AthleteMichael Phelps
38%
32"The Last King of Scotland"Forest Whitaker
38%
27New York YankeesDerek Jeter
37%
34"House, M.D."Hugh Laurie
37%
37"Fever Pitch"Jimmy Fallon
37%
29"All For You"Janet Jackson
37%
32"House, M.D."Hugh Laurie
37%
32"Step Brothers"John C. Reilly
37%
25"Dawson's Creek"Joshua Jackson
37%
30"Tommy Boy"David Spade
37%
30American Football PlayerTom Brady
37%
28"Ocean's Eleven"Bernie Mac
35%
28"The Blues Brothers"Dan Aykroyd
35%
26"Die Another Day"Pierce Brosnan
35%
38"Family Guy"Seth MacFarlane
35%
28"An Inconvenient Truth"Al Gore
35%
26"Ally McBeal"Calista Flockhart
35%
26"Dawson's Creek"Katie Holmes
34%
38"The Lazy Song"Bruno Mars
34%
34"I Love You, Man"Paul Rudd
34%
34"30 Rock"Tracy Morgan
34%
31"The Mask of Zorro"Antonio Banderas
34%
36"Wayne's World"Paul Rudd
34%
28NASCAR DriverJeff Gordon
32%
30"The Simple Life"Paris Hilton
32%
35"Gossip Girl"Blake Lively
32%
36"The Social Network"Jesse Eisenberg
32%
37"How I Met Your Mother"Jason Segel
31%
31"Desperate Housewives"Eva Longoria
31%
30"That 70's Show"Topher Grace
31%
36"Malcolm in the Middle"Bryan Cranston
31%
28"Alias"Jennifer Garner
31%
36"The Queen"Helen Mirren
31%
32"Transformers"Shia LaBeouf
29%
30"Jackass"Johnny Knoxville
29%
28"Frida"Salma Hayek
29%
33"Transformers"Shia LaBeouf
29%
38"The Hangover"Zach Galifianakis
29%
37"Modern Family"Sofia Vergara
29%
38"Wedding Crashers"Vince Vaughn
29%
31"My Name is Earl"Jason Lee
29%
31American CyclistLance Armstrong
29%
36"Get Him to the Greek"Russell Brand
28%
36"The Office"Ed Helms
28%
26"Will and Grace"Sean Hayes
28%
32"The Day After Tomorrow"Jake Gyllenhaal
28%
27"Spider-Man"Kirsten Dunst
26%
38"(500) Days of SummerJoseph Gordon-Levitt
26%
29"Dirrty"Christina Aguilera
26%
26"10 Things I Hate About You"Julia Stiles
26%
31"Napolean Dynamite"Jon Heder
26%
35"(500) Days of Summer"Joseph Gordon-Levitt
26%
27"Little Women"Winona Ryder
25%
38"Louie"Louis C.K.
25%
29"Full House"Mary-Kate and Ashley Olsen
25%
32"Superstar"Molly Shannon
25%
32"The Kids Are Alright"Annette Bening
25%
27"Lord of the Rings"Ian McKellen
24%
37"It's Always Sunny in Philadelphia"Charlie Day
24%
28"Will and Grace"Eric McCormack
24%
28United States PoliticianJohn McCain
24%
26"Batman Forever"Val Kilmer
24%
38"Father of the Bride"Martin Short
22%
35"The Hangover"Zach Galifianakis
22%
37"Scary Movie"Anna Faris
22%
35"Avatar"Sigourney Weaver
22%
29"Will and Grace"Megan Mullally
22%
34"Scary Movie"Anna Faris
22%
36"The Hangover"Zach Galifianakis
22%
38"As Long as You Love Me"Justin Bieber
21%
30"Juno"Jason Bateman
21%
38"Laugh At My Pain"Kevin Hart
21%
28"How to Lose A Guy in 10 Days"Matthew McConaughey
21%
35"Love Story"Taylor Swift
21%
35"300"Gerard Butler
21%
27"American Pie"Seann William Scott
21%
28"My Big Fat Greek Wedding"Nia Vardalos
21%
28"Goodfellas"Ray Liotta
19%
29"Newlyweds"Jessica Simpson and Nick Lachey
19%
35"Cruel Intentions"Ryan Phillippe
19%
36"Glee"Jane Lynch
19%
32"Entourage"Jeremy Piven
19%
26"Wayne's World"Rob Lowe
19%
30"Sideways"Paul Giamatti
18%
30"Miami Vice"Colin Farrell
18%
35"Twilight"Taylor Lautner
18%
38"She Will Be Loved"Adam Levine
18%
38"Django Unchained"Christoph Waltz
16%
37"True Grit"Josh Brolin
16%
35"Precious"Gabourey Sidibe
16%
34"True Grit"Josh Brolin
16%
34"Of Mice and Men"John Malkovich
16%
31"Crash"Matt Dillon
16%
29Civil Rights ActivistAl Sharpton
15%
29United States Tennis PlayerAndy Roddick
15%
26"Annie Hall"Christopher Walken
13%
38"The Hurt Locker"Jeremy Renner
13%
25"I Know What You Did Last Summer"Freddie Prinze Jr.
13%
25"Annie Hall"Christopher Walken
13%
33"Annie Hall"Christopher Walken
13%
28"Annie Hall"Christopher Walken
13%
26"Charlie's Angels"Tom Green
13%
32"My Name is Earl"Jaime Pressly
12%
37American Basketball PlayerCharles Barkley
12%
26"American Beauty"Mena Suvari
12%
30"The Dark Knight Rises"Liam Neeson
12%
35American Basketball PlayerCharles Barkley
12%
30"Chicago"Queen Latifah
12%
28"Chicago"Queen Latifah
12%
25"ER"Julianna Margulies
10%
27"True Grit"Josh Hartnett
10%
37"The Sopranos"Steve Buscemi
10%
38"Up All Night"Christina Applegate
9%
34"Down on the Farm"Tim McGraw
9%
33"Have a Nice Day"Jon Bon Jovi
7%
25"Cabaret"Alan Cumming
7%
27"Armageddon"Billy Bob Thornton
7%
32"Retaliation"Dane Cook
6%
31"Garden State"Peter Sarsgaard
6%
31"Retaliation"Dane Cook
6%
34"Hitch"Rosario Dawson
4%
26"Twin Peaks"Lara Flynn Boyle
4%
32"Yeah!"Ludacris
3%
27Olympic AthleteJonny Moseley
1%

Score Distribution

Percentile by Number Answered

Percent of People with Each Score

Your Score History

You have not taken this quiz since the last reset